Capacitación y discapacitación en los proyectos de desarrollo /

Na minha lista:
Detalhes bibliográficos
Autor principal: Sobrado Chaves, Miguel
Formato: Texto
Tags: Adicionar Tag
Sem tags, seja o primeiro a adicionar uma tag!

MARC

LEADER 00000 a a2200000 04500
001 46990
003
040
100 |a Sobrado Chaves, Miguel  
245 |a Capacitación y discapacitación en los proyectos de desarrollo /  |c Miguel Sobrado Chaves  
773 |g número68, (1994), 60 páginas  
999 |c 36195  |d 36195